000 01644cam a22004694i 4500
003 PE-LiUPU
005 20250731173535.0
008 150616s1987 xxu r 000 0 eng d
020 _a0805412336
035 _a(Sirsi) i9780805412338
040 _aPE-LiUPU
_bspa
_cPE-LiUPU
_erda
049 _aPRUA
082 0 4 _a221.61
_bC31
_221
100 1 _aCate, Robert L.,
_eautor.
245 1 3 _aAn Introduction to the old testament and its Study /
_cRobert L. Cate.
264 1 _aNashville, Tennessee :
_bBroadman Press,
_c1987.
300 _a539 páginas ;
_c22 centímetros
336 _atext
_2rdacontent
337 _aunmediated
_2rdamedia
338 _avolume
_2rdacarrier
504 _aBibliografía: páginas 529-539.
505 0 _aThe old testament as word of God -- Issues in pentateuchal studies -- Introduction to the study of the former -- Issues in the suty of the former prophets.
526 _aSEG42
526 _aSEG41
526 _aSEG40
526 _aSEG39
526 _aP94
526 _aP87
526 _aP86
526 _aP85
526 _aP77
526 _aP76
526 _aP35
630 0 4 _aBiblia.
_pA.T.
_xIntroducciones.
910 _ajck
_bjvq
_cjck
942 _2ddc
_cBOOK
949 _a221.61 C31
_wDEWEY
_c1
_i42398
_lCCODEBUL1
_mBUL
_r0
_sY
_tBOOK
_u2015-6-16
_xTEOLOGIA
_zUNKNOWN
_0COMPRA
_o.STAFF. Colección Teología
994 _aC0
_bPEPRU
596 _a1
999 _a221.61 C31
_wDEWEY
_c60234
_i42398
_d60234
_f2021-11-9
_g5
_lCCODEBUL1
_mBUL
_p30.00
_q5
_r0
_sY
_tBOOK
_u2015-6-16
_xTEOLOGIA
_PP35
_0COMPRA
_o.STAFF. Colección Teología
980 _81
_gALBERTO SANCHEZ Responsable de Automatización